000 00676nam a2200169 4500
999 _c17053
_d17053
008 220602b ||||| |||| 00| 0 eng d
022 _a0732-8435
082 _aDPer 657.05 C33 Sept - Dec 2012, v. 82 n. 9 - 12
100 _aEasterday, Kathryn E.
_945337
245 _aDefined benefit pension plans:
_bunderstanding the differences between the public and private sector/
_cKathryn E. Easterday and Tim V. Eaton.
260 _aNew York:
_bThe New York State Society of CPA,
_c©2012.
300 _av82 n9, pages 22-29:
_bcolor illustrations;
_c28 cm.
500 _aThe CPA Journal.
650 _aPensions.
_912377
700 _aEaton, T. V.
_eAuthor.
_945338
942 _2ddc
_cPER